000
00208 a2200097 4500
001
3894
100
_a
Langford-smith, F
245
_a
Radio designers hand book
260
_a
_b
Iliffe
_c
090
_c
3124
_d
3124
942
_a
NUST-CAE
_c
M
_c
23603
999
_c
238967
_d
238967